000 00933nmm a2200277 a 4500
001 ocm000780042
003 TR-IsHL
005 20201028153101.0
008 140311s2013 tu tur
007 cr cn
020 _a9786055205669
035 _a780042
_b(N$T)
050 0 4 _aBP161
_b.I71 2013
090 0 4 _aBP161
_b.I71 2013
100 1 _aİkbal, Muhammed
245 1 0 _aİslâm'da dinî tefekkürün yeniden teşekkülü
_h[electronic resource] /
_cMuhammed İkbal ; tercüme Şemsettin Yeltekin
260 _aİstanbul :
_bAraf Yayınları,
_c2013
300 _a241 p.
650 4 _aFelsefe, Psikoloji ve Din
650 4 _aPhilosophy, Psychology and Religion
650 0 _aFelsefe, İslam
650 0 _aPhilosophy of Islam
650 7 _aPHILOSOPHY / Religious
_2bisacsh
700 1 _aYeltekin, Şemsettin
856 4 0 _uhttp://search.ebscohost.com/login.aspx?direct=true&scope=site&db=e011xww&AN=780042
999 _c11863
_d11863